Online
Catalog

Astronaves en la prehistoria : (Record no. 22358)

MARC details
000 -CABECERA
campo de control de longitud fija 01062nam a2200277 a 4500
001 - NÚMERO DE CONTROL
campo de control 000022861
005 - FECHA Y HORA DE LA ÚLTIMA TRANSACCIÓN
campo de control 20250512110523.0
008 - DATOS DE LONGITUD FIJA--INFORMACIÓN GENERAL
campo de control de longitud fija 101119s1976 sp ab r 000 0 spa d
020 ## - NÚMERO INTERNACIONAL ESTÁNDAR DEL LIBRO
Número Internacional Estándar del Libro 8401470064
040 ## - FUENTE DE LA CATALOGACIÓN
Centro catalogador/agencia de origen DO-SdBNP
Lengua de catalogación spa
Centro/agencia transcriptor BNPHU
082 ## - NÚMERO DE LA CLASIFICACIÓN DECIMAL DEWEY
Número de clasificación NNNN
Número de documento/Ítem K81a
049 ## - FONDOS LOCALES (OCLC)
Fondos de biblioteca BNGR
100 1# - ENTRADA PRINCIPAL--NOMBRE DE PERSONA
Nombre de persona Kolosimo, Peter,
Fechas asociadas al nombre 1922-1984
9 (RLIN) 46985
240 10 - TÍTULO UNIFORME
Título uniforme Astronavi sulla preistoria.
Lenguaje de la obra Español.
245 10 - MENCIÓN DE TÍTULO
Título Astronaves en la prehistoria :
Resto del título vehículos esapaciales grabados en las rocas. ¿Bombas atómicas y rayos láser antes del Diluvio? /
Mención de responsabilidad, etc. Peter Kolosimo ; traducción de Domingo Pruna.
260 ## - PUBLICACIÓN, DISTRIBUCIÓN, ETC.
Lugar de publicación, distribución, etc. Barcelona :
Nombre del editor, distribuidor, etc. Plaza & Janes,
Fecha de publicación, distribución, etc. 1976.
300 ## - DESCRIPCIÓN FÍSICA
Extensión 317 p. :
Otras características físicas il. ;
Dimensiones 18 cm.
490 1# - MENCIÓN DE SERIE
Mención de serie Realismo fantástico
Designación de volumen o secuencia 6
504 ## - NOTA DE BIBLIOGRAFÍA, ETC.
Nota de bibliografía, etc. Incluye referencias bibliográficas y notas al pie de las páginas.
650 #4 - PUNTO DE ACCESO ADICIONAL DE MATERIA--TÉRMINO DE MATERIA
Término de materia o nombre geográfico como elemento de entrada Bases extraterrestres
9 (RLIN) 46986
650 #0 - PUNTO DE ACCESO ADICIONAL DE MATERIA--TÉRMINO DE MATERIA
Término de materia o nombre geográfico como elemento de entrada Astronomía
9 (RLIN) 25809
650 #4 - PUNTO DE ACCESO ADICIONAL DE MATERIA--TÉRMINO DE MATERIA
Término de materia o nombre geográfico como elemento de entrada Vida en otros planetas
9 (RLIN) 19498
650 #4 - PUNTO DE ACCESO ADICIONAL DE MATERIA--TÉRMINO DE MATERIA
Término de materia o nombre geográfico como elemento de entrada Espacio exterior
Subdivisión general Exploración
9 (RLIN) 46987
700 1# - PUNTO DE ACCESO ADICIONAL--NOMBRE DE PERSONA
Nombre de persona Pruna, Domingo,
Término indicativo de función/relación tr.
9 (RLIN) 14327
830 #0 - PUNTO DE ACCESO ADICIONAL DE SERIE-TÍTULO UNIFORME
Título uniforme Realismo fantástico ;
Designación de volumen o secuencia 6
9 (RLIN) 46988
Holdings
Estado de retiro Estado de pérdida Restricciones de uso No para préstamo Código de colección Localización permanente Ubicación/localización actual Ubicación en estantería Fecha de adquisición Número de inventario Total de préstamos Signatura topográfica completa Código de barras Fecha visto por última vez Precio válido a partir de Tipo de ítem Koha
    Préstamo interno   Monografías: Libros y Folletos General General En catalogación 19.11.2010 LF1   NNNN K81a 22861-10 25.06.2020 25.06.2020 Préstamo interno

Powered by Koha